| 000 | 01486cam a22004094i 4500 | ||
|---|---|---|---|
| 003 | PE-LiUPU | ||
| 005 | 20250731173109.0 | ||
| 008 | 150623s r 000 0 d | ||
| 035 | _a(Sirsi) a25101 | ||
| 040 |
_aPE-LiUPU _bspa _cPE-LiUPU _erda |
||
| 082 | 0 | 4 |
_a253 _bR49 _221 |
| 100 | 1 |
_aRhodes, John D., _d1920-, _eautor. |
|
| 245 | 1 | 0 |
_aSuccess secrets for pastors / _cJohn Rhodes. |
| 264 | 1 |
_aAtlanta, Georgia : _bJ. A. Thomas & Associates, _c1984. |
|
| 300 |
_a159 páginas : _bilustraciones, cuadros. ; _c21 cm. |
||
| 336 |
_atext _2rdacontent |
||
| 337 |
_aunmediated _2rdamedia |
||
| 338 |
_avolume _2rdacarrier |
||
| 505 | 0 | _aThe pastor as an administrator. -The pastor as an evangelist. -The pastor as preacher and priest. -The pastor as a ahepherd. -The pastor as a promoter. -The pastor's public relations. | |
| 526 | _aSEG42 | ||
| 526 | _aSEG41 | ||
| 526 | _aSEG40 | ||
| 526 | _aSEG39 | ||
| 526 | _aP94 | ||
| 526 | _aP87 | ||
| 526 | _aP86 | ||
| 526 | _aP85 | ||
| 526 | _aP77 | ||
| 526 | _aP76 | ||
| 526 | _aP35 | ||
| 650 | 0 | 4 |
_aTeología pastoral _xIASD. |
| 942 |
_2ddc _cBOOK |
||
| 949 |
_a253 R49 _wDEWEY _c1 _i49516 _lCCODEBUL1 _mBUL _p00.00 _r0 _sY _tBOOK _u2015-06-24 _xTEOLOGIA _PP35 _0COMPRA _o.STAFF. Colección General |
||
| 596 | _a1 | ||
| 999 |
_a253 R49 _wDEWEY _c30464 _i49516 _d30464 _f2021-11-10 _g5 _lCCODEBUL1 _mBUL _q1 _r0 _sY _tBOOK _u2015-6-24 _xTEOLOGIA _PP35 _0COMPRA _o.STAFF. Colección General |
||
| 980 |
_81 _gALBERTO SANCHEZ Responsable de Automatización |
||